<?xml version="1.0" encoding="UTF-8"?><?xml-stylesheet type="text/xsl" href="static/style.xsl"?><OAI-PMH xmlns="http://www.openarchives.org/OAI/2.0/" xmlns:xsi="http://www.w3.org/2001/XMLSchema-instance" xsi:schemaLocation="http://www.openarchives.org/OAI/2.0/ http://www.openarchives.org/OAI/2.0/OAI-PMH.xsd"><responseDate>2026-04-14T15:53:07Z</responseDate><request verb="GetRecord" identifier="oai:uvadoc.uva.es:10324/66994" metadataPrefix="marc">https://uvadoc.uva.es/oai/request</request><GetRecord><record><header><identifier>oai:uvadoc.uva.es:10324/66994</identifier><datestamp>2024-12-18T12:43:04Z</datestamp><setSpec>com_10324_1138</setSpec><setSpec>com_10324_931</setSpec><setSpec>com_10324_894</setSpec><setSpec>col_10324_1226</setSpec></header><metadata><record xmlns="http://www.loc.gov/MARC21/slim" xmlns:doc="http://www.lyncode.com/xoai" xmlns:xsi="http://www.w3.org/2001/XMLSchema-instance" xmlns:dcterms="http://purl.org/dc/terms/" xsi:schemaLocation="http://www.loc.gov/MARC21/slim http://www.loc.gov/standards/marcxml/schema/MARC21slim.xsd">
<leader>00925njm 22002777a 4500</leader>
<datafield tag="042" ind1=" " ind2=" ">
<subfield code="a">dc</subfield>
</datafield>
<datafield tag="720" ind1=" " ind2=" ">
<subfield code="a">Ceballos Laita, Luis</subfield>
<subfield code="e">author</subfield>
</datafield>
<datafield tag="720" ind1=" " ind2=" ">
<subfield code="a">Jiménez Rejano, José Jesús</subfield>
<subfield code="e">author</subfield>
</datafield>
<datafield tag="720" ind1=" " ind2=" ">
<subfield code="a">Rebollo Salas, Manuel</subfield>
<subfield code="e">author</subfield>
</datafield>
<datafield tag="720" ind1=" " ind2=" ">
<subfield code="a">Mingo Gómez, María Teresa</subfield>
<subfield code="e">author</subfield>
</datafield>
<datafield tag="720" ind1=" " ind2=" ">
<subfield code="a">Hernández Lazaro, Héctor</subfield>
<subfield code="e">author</subfield>
</datafield>
<datafield tag="720" ind1=" " ind2=" ">
<subfield code="a">Jiménez del Barrio, Sandra</subfield>
<subfield code="e">author</subfield>
</datafield>
<datafield tag="260" ind1=" " ind2=" ">
<subfield code="c">2023</subfield>
</datafield>
<datafield tag="520" ind1=" " ind2=" ">
<subfield code="a">(1) Background: The stiffness of the posterior shoulder muscles has been shown to be related to shoulder pain and range of motion (ROM) restriction in athletes. Specifically, the treatment of the teres major muscle showed promising results in previous studies. The aim of this study was to compare the effects of dry needling (DN) vs. diacutaneous fibrolysis (DF) to improve the stiffness and tone of the teres major muscle, pain intensity, shoulder ROM, and extensibility in the short-term and at one-week follow-up in handball athletes. (2) Methods: A randomized clinical trial with blinded examiners was carried out. Elite handball athletes with shoulder pain and glenohumeral internal rotation deficit (n = 30) were randomly allocated to the DN group or the DF group. Patients in both groups received a single treatment session directly applied to the teres major muscle. The primary outcome variables and instrument were mechanical properties of the teres major muscle (stiffness and tone) measured with myotonometry. The secondary outcome variables were intensity of shoulder pain evaluated with visual analogue scale and shoulder ROM and extensibility recorded with a digital inclinometer. (3) Results: No between-group differences were found after the intervention or at one-week follow-up in the mechanical properties of teres major muscle, pain intensity, shoulder ROM, or extensibility. (4) Conclusions: the DN and DF techniques showed similar results at both timepoints in elite handball athletes with shoulder pain and glenohumeral internal rotation deficits.</subfield>
</datafield>
<datafield tag="024" ind2=" " ind1="8">
<subfield code="a">Applied Sciences, 2023, Vol. 13, Nº. 19, 10995</subfield>
</datafield>
<datafield tag="024" ind2=" " ind1="8">
<subfield code="a">2076-3417</subfield>
</datafield>
<datafield tag="024" ind2=" " ind1="8">
<subfield code="a">https://uvadoc.uva.es/handle/10324/66994</subfield>
</datafield>
<datafield tag="024" ind2=" " ind1="8">
<subfield code="a">10.3390/app131910995</subfield>
</datafield>
<datafield tag="024" ind2=" " ind1="8">
<subfield code="a">10995</subfield>
</datafield>
<datafield tag="024" ind2=" " ind1="8">
<subfield code="a">19</subfield>
</datafield>
<datafield tag="024" ind2=" " ind1="8">
<subfield code="a">Applied Sciences</subfield>
</datafield>
<datafield tag="024" ind2=" " ind1="8">
<subfield code="a">13</subfield>
</datafield>
<datafield tag="024" ind2=" " ind1="8">
<subfield code="a">2076-3417</subfield>
</datafield>
<datafield ind1=" " ind2=" " tag="653">
<subfield code="a">Shoulder pain</subfield>
</datafield>
<datafield ind1=" " ind2=" " tag="653">
<subfield code="a">Shoulder - Diseases</subfield>
</datafield>
<datafield ind1=" " ind2=" " tag="653">
<subfield code="a">Hombro - Enfermedades - Tratamiento</subfield>
</datafield>
<datafield ind1=" " ind2=" " tag="653">
<subfield code="a">Acupuncture</subfield>
</datafield>
<datafield ind1=" " ind2=" " tag="653">
<subfield code="a">Acupuntura</subfield>
</datafield>
<datafield ind1=" " ind2=" " tag="653">
<subfield code="a">Physiotherapy</subfield>
</datafield>
<datafield ind1=" " ind2=" " tag="653">
<subfield code="a">Range of motion</subfield>
</datafield>
<datafield ind1=" " ind2=" " tag="653">
<subfield code="a">Joints - Range of motion</subfield>
</datafield>
<datafield ind1=" " ind2=" " tag="653">
<subfield code="a">Muscles - Diseases</subfield>
</datafield>
<datafield ind1=" " ind2=" " tag="653">
<subfield code="a">Músculos - Enfermedades - Tratamiento</subfield>
</datafield>
<datafield ind1=" " ind2=" " tag="653">
<subfield code="a">Materials science</subfield>
</datafield>
<datafield ind1=" " ind2=" " tag="653">
<subfield code="a">Ciencia de los materiales</subfield>
</datafield>
<datafield ind1=" " ind2=" " tag="653">
<subfield code="a">Medical technology</subfield>
</datafield>
<datafield ind1=" " ind2=" " tag="653">
<subfield code="a">Tecnología médica</subfield>
</datafield>
<datafield tag="245" ind1="0" ind2="0">
<subfield code="a">Dry needling versus diacutaneous fibrolysis for the treatment of the mechanical properties of the teres major muscle: A randomized clinical trial</subfield>
</datafield>
</record></metadata></record></GetRecord></OAI-PMH>